Normal view
MARC view
Entry Geographic Name
001 - CONTROL NUMBER
- control field: 15496
003 - CONTROL NUMBER IDENTIFIER
- control field: BD-RjUL
005 - DATE AND TIME OF LATEST TRANSACTION
- control field: 20250518122033.0
008 - FIXED-LENGTH DATA ELEMENTS
- fixed length control field: 250518|| aca||aabn | a|a d
040 ## - CATALOGING SOURCE
- Original cataloging agency: BD-RjUL
- Transcribing agency: BD-RjUL
151 ## - HEADING--GEOGRAPHIC NAME
- Geographic name: Poland
- General subdivision: In literature
670 ## - SOURCE DATA FOUND
- Source citation: Work cat.: (BD-RjUL)84938: Najder, Zdzisław. 15494, Joseph Conrad, a chronicle /, 1983.